000 00618nam a22001937a 4500
005 20251108165819.0
008 250721s1984 xx 000 0 ara d
082 1 4 _aط/811.9563/خيو
100 1 _aالفهد، خيون دواي
245 1 0 _aزنابق /
264 1 _aبغداد :
_bوزارة الثقافة و الإعلام : دار ثقافة الطفل،
_c1984.
300 _a30ص : مص
490 0 _aمكتبة الطفل : السلسة الشعبية ؛ 32
650 1 7 _aالشعر العربي
650 1 7 _aالعراق
650 1 7 _aأدب الأطفال
942 _2ddc
_cBK
999 _c31977
_d31977